00345nam a2200133Ia 4500008004100000041000800041082001600049100002100065245004200086260003800128300001100166365000700177650002700184210719s1958 xx 000 0 und d aeng a370.19 BRIS aBRIM (Orville G) aSociology and the field of education. aNYbRussell sage foundationc1958 a93bPB cRs aSociology of Education